Application programming in C (Record no. 5061)
[ view plain ]
| 000 -LEADER | |
|---|---|
| fixed length control field | 00526nam a2200169Ia 4500 |
| 003 - CONTROL NUMBER IDENTIFIER | |
| control field | SGT |
| 020 ## - INTERNATIONAL STANDARD BOOK NUMBER | |
| International Standard Book Number | 9788190675864 |
| 082 ## - DEWEY DECIMAL CLASSIFICATION NUMBER | |
| Classification number | 5.133 |
| Item number | SAL |
| 100 ## - MAIN ENTRY--PERSONAL NAME | |
| Personal name | Salaria,R.S |
| 245 ## - TITLE STATEMENT | |
| Title | Application programming in C |
| 250 ## - EDITION STATEMENT | |
| Edition statement | 3rd . Ed. |
| 260 ## - PUBLICATION, DISTRIBUTION, ETC. (IMPRINT) | |
| Name of publisher, distributor, etc | Khanna Books Publishing Co. Ltd. |
| Place of publication, distribution, etc | N. Delhi |
| Year of Publication | 2010 |
| 300 ## - PAGE DESCRIPTION | |
| No. of Pages | 576p. |
| 650 ## - SUBJECT ADDED ENTRY--TOPICAL TERM | |
| Topical term or geographic name as entry element | COMPUTER SCIENCE |
| 653 ## - KEYWORDS--INDEX TERM | |
| Keyword term | BASIC OF PROGRAMMING,OVERVIEW OF C LANGUAGE,DATA TYPES OPERATORS & EXPRESSION,HANDLING KEYBOARD INPUT & SCREEN OUTPUT,CONTROL STATEMENTS |
| 942 ## - ADDED ENTRY ELEMENTS (KOHA) | |
| Source of classification or shelving scheme | Dewey Decimal Classification |
| Koha item type | Books |
| 942 ## - ADDED ENTRY ELEMENTS (KOHA) | |
| -- | 12 |
| Withdrawn status | Lost status | Source of classification or shelving scheme | Damaged status | Not for loan | Home library | Current library | Date acquired | SGTU | Total Checkouts | Total Renewals | Full call number | Accession No. (Barcode) | Date last seen | Date last borrowed | Bill Date | Koha item type | Use restrictions | Shelving location |
|---|---|---|---|---|---|---|---|---|---|---|---|---|---|---|---|---|---|---|
| Dewey Decimal Classification | SGT Engineering Library | SGT Engineering Library | 14/05/2010 | SGTU | 19 | 3 | 5.133 SAL | FE2405 | 16/05/2025 | 28/04/2025 | 09/02/2015 | Books | ||||||
| Dewey Decimal Classification | Not For Loan | SGT Engineering Library | SGT Engineering Library | 14/05/2010 | SGTU | 5.133 SAL | FE2406 | 21/05/2019 | 09/02/2015 | Books | Restricted Access | Reference Book | ||||||
| Dewey Decimal Classification | SGT Engineering Library | SGT Engineering Library | 14/05/2010 | SGTU | 7 | 5.133 SAL | FE2407 | 17/11/2025 | 03/11/2025 | 09/02/2015 | Books |